Ảnh hưởng của Brassinolide đến sự nảy mầm, sinh trưởng và năng suất lúa IR50404 : Luận văn tốt nghiệp Cao học. Chuyên ngành Khoa học cây trồng

Đề tài nghiên cứu nhằm tìm ra nồng độ Brassinolide và biện pháp xử lý thích hợp nhất cho sự nảy mầm, sinh trưởng và năng suất của lúa IR50404.

Na minha lista:
Detalhes bibliográficos
Autor principal: Đoàn, Mỹ Diện
Formato: Livro
Idioma:Undetermined
Publicado em: Cần Thơ Trường Đại học Cần Thơ 2015
Assuntos:
Tags: Adicionar Tag
Sem tags, seja o primeiro a adicionar uma tag!
Thư viện lưu trữ: Trung tâm Học liệu Trường Đại học Cần Thơ
LEADER 01032nam a2200217Ia 4500
001 CTU_205626
008 210402s9999 xx 000 0 und d
082 |a 633.18 
082 |b D305 
088 |a 60620110 
100 |a Đoàn, Mỹ Diện 
245 0 |a Ảnh hưởng của Brassinolide đến sự nảy mầm, sinh trưởng và năng suất lúa IR50404 : 
245 0 |b Luận văn tốt nghiệp Cao học. Chuyên ngành Khoa học cây trồng 
245 0 |c Đoàn Mỹ Diện ; Lê Vĩnh Phúc (Cán bộ hướng dẫn) 
260 |a Cần Thơ 
260 |b Trường Đại học Cần Thơ 
260 |c 2015 
520 |a Đề tài nghiên cứu nhằm tìm ra nồng độ Brassinolide và biện pháp xử lý thích hợp nhất cho sự nảy mầm, sinh trưởng và năng suất của lúa IR50404. 
650 |a Cây lúa,Rice 
904 |i Hải 
980 |a Trung tâm Học liệu Trường Đại học Cần Thơ